000 00998nam a2200241 a 4500
001 000045664
005 20201002052357.0
008 150422s2004 dr a 000 0 spa d
020 _a9993423599
040 _aDO-SdBNP
_bspa
_cBNPHU
082 _axxxx
_bxxxx
100 1 _aGuzmán de Camacho, Ana Dolores
_912351
245 1 0 _aOrientaciones didácticas para el proceso enseñanza-aprendizaje /
_cAna Dolores Guzmán de Camacho, Milagros Concepción Calderón ; presentacion ; Josefina Mercedes de Costes.
250 _a2a ed. (revisada y ampliada)
260 _aSanto Domingo :
_bAmigo del Hogar,
_c2004.
300 _a241 p. :
_bil., retrs. ;
_c23 cm.
590 _aInventariado, 2018/ YL
500 _aIncluye datos biográficos de las autoras en la contracubierta.
500 _aPerteneció a la biblioteca personal de Erick Landestoy.
504 _aBibliografía : p. 235-240
700 1 2 _aCostes, Josefina Mercedes de,
_epres.
_973725
700 1 2 _aConcepción Calderón, Milagros
_912354
999 _c45153
_d45153